Normal view
MARC view
- Distributed systems
Entry Topical Term
001 - CONTROL NUMBER
- control field: 95489
003 - CONTROL NUMBER IDENTIFIER
- control field: NUST
005 - DATE AND TIME OF LATEST TRANSACTION
- control field: 20220727131415.0
008 - FIXED-LENGTH DATA ELEMENTS
- fixed length control field: 220727|| aca||aabn | a|a d
040 ## - CATALOGING SOURCE
- Original cataloging agency: NUST
- Transcribing agency: NUST
150 ## - HEADING--TOPICAL TERM
- Topical term or geographic name entry element: Distributed systems
670 ## - SOURCE DATA FOUND
- Source citation: Work cat.: (NUST)189536: Coulouris, George F. 94141, Distributed systems :, 2002
